| 000 | 00616nam a2200205 i 4500 | ||
|---|---|---|---|
| 001 | 134406 | ||
| 003 | ES-MaACL | ||
| 005 | 20230906194652.0 | ||
| 007 | t| | ||
| 008 | 070910s1957 ag ||||1| spa d | ||
| 100 | 1 |
_aWaugh, Evelyn. _9116217 |
|
| 245 | 1 | 0 |
_aObra suspendida y otros cuentos / _cEvelyn Waugh ; [traducción de Guillermo Whitelow]. |
| 260 |
_aBuenos Aires : _bE.M.C.E., _c[1957] |
||
| 300 |
_a219 p. ; _c19 cm. |
||
| 490 | 1 | _aGrandes novelistas | |
| 700 | 1 |
_aWhitelow, Guillermo. _9116701 |
|
| 830 | 0 |
_aGrandes novelistas _9181770 |
|
| 852 |
_aES-MaACL _jC-15318 _bR.43305 |
||
| 999 |
_c134406 _d134406 |
||